Fondo para el mejoramiento de la calidad universitaria (FOMEC). Guia para la formulacion y presentacion de proyectos. Instrucciones de llenado de los formularios (Registro nro. 1678)

Detalles MARC
000 -LEADER
fixed length control field 00892nam a2200217 a 4500
003 - CONTROL NUMBER IDENTIFIER
control field OSt
005 - FECHA ULTIMA MODIFICACION
control field 20130925184317.0
008 - FIXED-LENGTH DATA ELEMENTS--GENERAL INFORMATION
fixed length control field 130925n ag ||||| |||| 00| 0 spa d
040 ## - CATALOGING SOURCE
Transcribing agency Biblioteca Medicina
041 ## - LANGUAGE CODE
Language code of text/sound track or separate title spa
082 ## - DEWEY DECIMAL CLASSIFICATION NUMBER
Item number MINIST DE SALUD 0300
110 ## - MAIN ENTRY--CORPORATE NAME
Corporate name or jurisdiction name as entry element Ministerio de Cultura y Educacion
9 (RLIN) 2610
245 00 - TITLE STATEMENT
Title Fondo para el mejoramiento de la calidad universitaria (FOMEC). Guia para la formulacion y presentacion de proyectos. Instrucciones de llenado de los formularios
250 ## - EDITION STATEMENT
Edition statement 1º ed.
260 ## - PUBLICATION, DISTRIBUTION, ETC. (IMPRINT)
Place of publication, distribution, etc Buenos Aires
Name of publisher, distributor, etc Ministerio de Cultura y Educacion; Secretaria de Politicas Universitarias
Date of publication, distribution, etc s/f
300 ## - PHYSICAL DESCRIPTION
Extent 28 p.
653 ## - INDEX TERM--UNCONTROLLED
Uncontrolled term UNIVERSIDADES-FINANCIAMIENTO
653 ## - INDEX TERM--UNCONTROLLED
Uncontrolled term SECRETARIA DE POLITICAS UNIVERSITARIAS-POLITICAS
942 ## - ADDED ENTRY ELEMENTS (KOHA)
Source of classification or shelving scheme Dewey Decimal Classification
Koha item type Hemeroteca
Existencias
Withdrawn status Lost status Fuente de clasificación Damaged status Not for loan Colección Ubicación permanente Ubicación actual Sala de ubicación Fecha de adquisición Total Checkouts Número de clasificación Date last seen Número de ejemplar Price effective from Koha tipo de elemento (item)
    Dewey Decimal Classification     Non-fiction Biblioteca Medicina Biblioteca Medicina Circulación 25/09/2013   MINIST DE SALUD 0300 06/11/2014 Ej. 1 25/09/2013 Hemeroteca

UNIVERSIDAD NACIONAL DEL COMAHUE
Biblioteca de la Facultad de Ciencias Médicas
Sede Toschi: Los Arrayanes y Av. Toschi, Cipolletti  - Rio Negro
Sede Los Tordos:  Yrigoyen al 2211, Cipolletti - Rio Negro 

Teléfono: 0299 - 4774707 int 25
Contacto: biblioteca@facimed.uncoma.edu.ar
© 2011 - 2026